000 00632nam a2200193 a 4500
005 20160121185609.0
008 140318b2004 vau||||| |||| 00| 0 eng d
040 _aCO-BoIAVH
_cCO-BoIAVH
041 _aeng
044 _axxu
082 4 _a333.7071
_bB85b
090 _aLB
_b04515
245 1 _aBridging scales and epistemologies
_blinking local knowledge with global science in multi-scale assessments; final program and abstracts
260 _aAlexandria
_bBibliotheca Alexandrina
_c2004
300 _a139 paginas.
_cilustraciones.;
650 4 _aProgramación de conferencia
_953506
942 _cLIBRO
_2ddc
945 _d2006-01-11
999 _c5126
_d5126